Management by Japanese systems

Gorde:
Xehetasun bibliografikoak
Egile nagusia: Lee, Sang M.
Formatua: Liburua
Hizkuntza:Undetermined
Argitaratua: New York Preager 1982
Gaiak:
Etiketak: Etiketa erantsi
Etiketarik gabe, Izan zaitez lehena erregistro honi etiketa jartzen!
Thư viện lưu trữ: Trung tâm Học liệu Trường Đại học Cần Thơ
LEADER 00540nam a2200193Ia 4500
001 CTU_105671
008 210402s9999 xx 000 0 und d
082 |a 658 
082 |b L454 
100 |a Lee, Sang M. 
245 0 |a Management by Japanese systems 
245 0 |c Sang M. Lee, Gary Schwendiman 
260 |a New York 
260 |b Preager 
260 |c 1982 
650 |a Management,Comparative management,Management 
650 |z Japan,United States 
904 |i Nguyên 
980 |a Trung tâm Học liệu Trường Đại học Cần Thơ